<?xml version="1.0" encoding="UTF-8"?>
<collection xmlns="http://www.loc.gov/MARC21/slim">
 <record>
  <leader>00782pamaa2200205   4500</leader>
  <controlfield tag="001">0000039855</controlfield>
  <controlfield tag="005">20070131090000.0</controlfield>
  <datafield tag="020" ind1="0" ind2="0">
   <subfield code="a">8989693063 </subfield>
  </datafield>
  <datafield tag="090" ind1="0" ind2="0">
   <subfield code="a">TA654.5 </subfield>
   <subfield code="b">SEC 2002</subfield>
  </datafield>
  <datafield tag="245" ind1="1" ind2="4">
   <subfield code="a">The SECOND International symposium on  advances in wind and structuress (AWAS'02)  </subfield>
   <subfield code="c">Edited by Chang-Koon Choi, Ahsan Kareem, Masaru Matsumoto and Giovanni Solari; </subfield>
   <subfield code="f">21-23 August 2002, Busan, Korea.</subfield>
  </datafield>
  <datafield tag="260" ind1="0" ind2="0">
   <subfield code="a">Busan, Korea: </subfield>
   <subfield code="b">Techno-Press, </subfield>
   <subfield code="c">2002.</subfield>
  </datafield>
  <datafield tag="300" ind1=" " ind2=" ">
   <subfield code="a">701p: </subfield>
   <subfield code="b">ill; </subfield>
   <subfield code="c">24 cm.</subfield>
  </datafield>
  <datafield tag="500" ind1="0" ind2="0">
   <subfield code="a">Includes bibliographical references</subfield>
  </datafield>
  <datafield tag="650" ind1="0" ind2="0">
   <subfield code="a">Wind-pressure -- </subfield>
   <subfield code="x">Congresses </subfield>
  </datafield>
  <datafield tag="650" ind1="0" ind2="0">
   <subfield code="a">Structural dynamics -- </subfield>
   <subfield code="x">Congresses </subfield>
  </datafield>
  <datafield tag="650" ind1="0" ind2="0">
   <subfield code="a">Wind tunnels -- </subfield>
   <subfield code="x">Congresses </subfield>
  </datafield>
  <datafield tag="700" ind1="1" ind2="1">
   <subfield code="a">Chang-Koon Choi </subfield>
  </datafield>
  <datafield tag="700" ind1="1" ind2="1">
   <subfield code="a">Ahsan Kareem </subfield>
  </datafield>
  <datafield tag="700" ind1="1" ind2="1">
   <subfield code="a">Matsumoto, </subfield>
   <subfield code="h">Masaru </subfield>
  </datafield>
  <datafield tag="700" ind1="1" ind2="1">
   <subfield code="a">Solari, </subfield>
   <subfield code="h">Giovanni </subfield>
  </datafield>
 </record>
</collection>
